| 000 | 01110nam a2200229 i 4500 | ||
|---|---|---|---|
| 001 | 88466 | ||
| 003 | ES-MaACL | ||
| 005 | 20260127062533.0 | ||
| 007 | t| | ||
| 008 | 050104s1913 sp f |||| | spa d | ||
| 100 | 1 |
_aLampérez y Romea, Vicente, _d1861-1923 _9128639 |
|
| 245 | 1 | 4 |
_aLos palacios españoles de los siglos XV y XVI _b: conferencia dada el día 13 de febrero de 1913 en la Real Academia de Jurisprudencia a beneficio de la Sección de Protección al trabajo de la mujer, perteneciente a la Unión de Damas Españolas / _cpor Vicente Lampérez y Romea. |
| 260 |
_aMadrid : _b[s.n., _c1913?] ( _fImp. de los Hijos de M.G. Hernández) |
||
| 300 |
_a28 p.,[5] h. de lám. ; _c17 cm. |
||
| 530 | _aDisponible en formato digital. | ||
| 650 | 4 |
_aPalacios- _zEspaña. _9149887 |
|
| 700 |
_aReal Academia de Jurisprudencia y Legislación de España _9217612 |
||
| 710 | 2 |
_aUnión de Damas Españolas. _97009 |
|
| 852 |
_aES-MaACL _jT-1388-F-1 |
||
| 856 |
_uhttp://bibliotecadigital.jcyl.es/i18n/consulta/registro.cmd?id=4299 _zBiblioteca Digital de Castilla y León |
||
| 999 |
_c88466 _d88466 |
||